| 000 | 00503nam a22001577a 4500 | ||
|---|---|---|---|
| 003 | OSt | ||
| 005 | 20150906144924.0 | ||
| 008 | 150906b xxu||||| |||| 00| 0 eng d | ||
| 040 | _cRUA | ||
| 082 | _aAGR សួង 1990 B001 Or.1 | ||
| 100 |
_9112 _aសួង សំអាង |
||
| 245 | _aទិន្នផលស្រូវស្រាលក្នុងលក្ខខ័ណ្ឌខេត្តកណ្ដាល | ||
| 260 |
_aPhnom Penh _bRUA _c1990 |
||
| 300 |
_a87p. _bill. _c29cm |
||
| 942 |
_2ddc _cAGR |
||
| 999 |
_c102 _d102 |
||